01224nam a2200217Ia 4500008004100000020001800041050002000059100003000079245005700109250001100166260002300177300001100200500002200211505026000233650005700493952010900550952011200659952010900771952010900880999001700989121028s9999 xx 000 0 und d a968-24-6349-1 aHF5694 Z46 2001 aZENDEJAS NUÑEZ, Hugo M. aMatemáticas financieras / Hugo M. Zendejas Nuñez a3a ed. aMéxico : Trillas a297 p. aIncluye índices aPrólogo Cap. 1. Razones y proporciones Cap. 2. Interés simple Cap. 3. Exponenciación y radicalización Cap. 4. Logaritmos Cap. 5. Progresiones Cap. 6. Interés compuesto Cap. 7. Descuento Cap. 8. Capitales equivalentes Cap. 9. Anualidades Cap. 10. aMatemáticas financieras - Estudio y enseñanzaÌ 00104070a14b14d2009-09-24l4oHF5694 Z46 2001p14 000191r2016-11-05s2016-11-05t1w2012-10-28yLB 00104070a14b14d2009-09-24l3m1oHF5694 Z46 2001p14 000192r2016-12-03s2016-11-28t2w2012-10-28yLB 00104070a14b14d2009-09-24l5oHF5694 Z46 2001p14 000193r2020-01-18s2020-01-17t3w2012-10-28yLB 00104070a14b14d2010-08-19l9oHF5694 Z46 2001p14 002873r2023-04-15s2023-04-01t4w2012-10-28yLB c85178d85178